| 000 | 00929nam a2200265 a 4500 | ||
|---|---|---|---|
| 003 | MX-MxUPN | ||
| 005 | 20241001063926.0 | ||
| 008 | 991125s1913 xxu r 000 0 eng d | ||
| 035 | _aUPN01000004502 | ||
| 040 |
_aMX-MxUPN _bspa _cMX-MxUPN |
||
| 041 | 0 | _aeng | |
| 050 | 1 | 4 |
_aBF637 C5 _bD8.3 1913 |
| 100 | 1 |
_aDumont, Theron Q. _948862 |
|
| 245 | 1 | 4 | _aThe art and science of personal magnetism the secrets of mental fascination |
| 250 | _a3a ed. | ||
| 260 |
_aMichigan [E.U.A.] : _bAdvanced Thought, _c1913. |
||
| 300 | _a238 páginas | ||
| 500 | _a"Teachers yoy how to exercise a powerful irresistible influence. Influencing the imagination reason or will of another" | ||
| 650 | 4 |
_aÉxito _97041 |
|
| 650 | 4 |
_aPersonalidad _97690 |
|
| 650 | 4 |
_aPsicología aplicada _916401 |
|
| 710 | 2 |
_aInstituto Nacional de Investigación Educativa (México) _epropietario anterior _928086 |
|
| 942 |
_2lcc _cLIBRO |
||
| 999 |
_c4502 _d4502 |
||